Sherlock Episodes Quiz Stats

Quiz Updated Apr 26, 2017

Challenge
Share
Tweet
Embed
Score 0/13 Timer 03:00
0 Plays Today
% Correct
A Study in Pink
92.7%
The Hounds of Baskerville
85.6%
The Reichenbach Fall
73.4%
The Blind Banker
69.7%
The Great Game
68.8%
A Scandal in Belgravia
66.8%
The Abominable Bride
64.1%
The Final Problem
60.1%
The Sign of Three
53.2%
The Empty Hearse
51.2%
The Six Thatchers
49.7%
His Last Vow
49.3%
The Lying Detective
47.9%

You're not logged in!

Compare scores with friends on all Sporcle quizzes.
Sign Up with Email
OR
Log In

You Might Also Like...

Show Comments

Extras

Top Quizzes Today


Score Distribution

Your Account Isn't Verified!

In order to create a playlist on Sporcle, you need to verify the email address you used during registration. Go to your Sporcle Settings to finish the process.